| 000 | 00552nam a2200193 4500 | ||
|---|---|---|---|
| 003 | LK-CoMWRAF | ||
| 005 | 20240527130844.0 | ||
| 008 | 240527b2002 |||||||| |||| 00| 0 eng d | ||
| 040 |
_aLK-CoMWRAF _dLK-CoMWRAF _eLK-CoMWRAF |
||
| 041 | _aeng | ||
| 082 |
_a303.6 _bMOH |
||
| 100 | _aMohideen, M.I.M. | ||
| 245 | _aThe need for power sharing arrangements for the Muslims in the North-East Sri Lanka | ||
| 260 |
_aColombo: _b[Author], _c2002 |
||
| 300 | _a28 p. | ||
| 650 | _aCONFLICT RESOLUTION-Sri Lanka | ||
| 650 | _aMuslims-Sri Lanka | ||
| 942 | _cBK | ||
| 999 |
_c4896 _d4896 |
||